<?xml version="1.0" encoding="UTF-8"?><?xml-stylesheet type="text/xsl" href="static/style.xsl"?><OAI-PMH xmlns="http://www.openarchives.org/OAI/2.0/" xmlns:xsi="http://www.w3.org/2001/XMLSchema-instance" xsi:schemaLocation="http://www.openarchives.org/OAI/2.0/ http://www.openarchives.org/OAI/2.0/OAI-PMH.xsd"><responseDate>2026-04-13T04:54:54Z</responseDate><request verb="GetRecord" identifier="oai:www.recercat.cat:10230/45646" metadataPrefix="marc">https://recercat.cat/oai/request</request><GetRecord><record><header><identifier>oai:recercat.cat:10230/45646</identifier><datestamp>2025-12-13T21:26:44Z</datestamp><setSpec>com_2072_6</setSpec><setSpec>col_2072_452952</setSpec></header><metadata><record xmlns="http://www.loc.gov/MARC21/slim" xmlns:dcterms="http://purl.org/dc/terms/" xmlns:xsi="http://www.w3.org/2001/XMLSchema-instance" xmlns:doc="http://www.lyncode.com/xoai" xsi:schemaLocation="http://www.loc.gov/MARC21/slim http://www.loc.gov/standards/marcxml/schema/MARC21slim.xsd">
   <leader>00925njm 22002777a 4500</leader>
   <datafield ind2=" " ind1=" " tag="042">
      <subfield code="a">dc</subfield>
   </datafield>
   <datafield ind2=" " ind1=" " tag="720">
      <subfield code="a">Grandío Pérez, María del Mar</subfield>
      <subfield code="e">author</subfield>
   </datafield>
   <datafield ind2=" " ind1=" " tag="720">
      <subfield code="a">Establés, María-José</subfield>
      <subfield code="e">author</subfield>
   </datafield>
   <datafield ind2=" " ind1=" " tag="720">
      <subfield code="a">Guerrero Pico, María del Mar</subfield>
      <subfield code="e">author</subfield>
   </datafield>
   <datafield ind2=" " ind1=" " tag="260">
      <subfield code="c">2020-11-03T09:42:58Z</subfield>
   </datafield>
   <datafield ind2=" " ind1=" " tag="260">
      <subfield code="c">2020-11-03T09:42:58Z</subfield>
   </datafield>
   <datafield ind2=" " ind1=" " tag="260">
      <subfield code="c">2020</subfield>
   </datafield>
   <datafield ind2=" " ind1=" " tag="520">
      <subfield code="a">Como fenómeno global, Juego de Tronos acumula un gran seguimiento entre las audiencias hispanohablantes. Nuestro objetivo es explorar cómo es la recepción y características de las audiencias castellanoparlantes a propósito de algunas de las reacciones y polémicas mediáticas que rodean a la serie, a menudo centradas en muestras de violencia explícita contra las mujeres y el tratamiento estereotipado de los personajes femeninos. El análisis cualitativo y cuantitativo de 1.492 respuestas de 18 países hispanohablantes al cuestionario online de The Game of Thrones Audience Project muestra un escenario lleno de matices. Los resultados revelan un amplio seguimiento femenino y adulto de los debates generados por la serie y sugieren una comprensión compleja de sus principios narrativos. La audiencia considera que la serie exhibe un discurso empoderador para las mujeres si bien recalca que este protagonismo de los personajes femeninos está ligado a la representación de violencia de género.</subfield>
   </datafield>
   <datafield ind2=" " ind1=" " tag="520">
      <subfield code="a">As a global phenomenon, Game of Thrones counts with an intense following among Spanish speaking audiences. Our aim is to map the reception and characteristics of Spanish speaking audiences vis-a-vis with some of the reactions and media controversies surrounding the show, often centred on its exhibitions of sheer violence and the cruel and stereotypical treatment of female characters. Drawing on 1,581 responses from 18 Spanish-speaking countries of the online questionnaire of The Game of Thrones Audience Research Project, a quantitative and qualitative analysis of the data presents a more nuanced trend. Results reveal a large female and adult following which keeps up with the debates on the show and displays a complex understanding of its narrative tenets. The show is largely deemed as empowering for women while emphasising that the central role of female characters still comes at the expense of gender-based representations of violence and brutality.</subfield>
   </datafield>
   <datafield tag="653" ind2=" " ind1=" ">
      <subfield code="a">Juego de Tronos</subfield>
   </datafield>
   <datafield tag="653" ind2=" " ind1=" ">
      <subfield code="a">Representación</subfield>
   </datafield>
   <datafield tag="653" ind2=" " ind1=" ">
      <subfield code="a">Audiencia</subfield>
   </datafield>
   <datafield tag="653" ind2=" " ind1=" ">
      <subfield code="a">Violencia de género</subfield>
   </datafield>
   <datafield tag="653" ind2=" " ind1=" ">
      <subfield code="a">Lecturas feministas</subfield>
   </datafield>
   <datafield tag="653" ind2=" " ind1=" ">
      <subfield code="a">Game of Thrones</subfield>
   </datafield>
   <datafield tag="653" ind2=" " ind1=" ">
      <subfield code="a">Representation</subfield>
   </datafield>
   <datafield tag="653" ind2=" " ind1=" ">
      <subfield code="a">Audiences</subfield>
   </datafield>
   <datafield tag="653" ind2=" " ind1=" ">
      <subfield code="a">Gender-based violence</subfield>
   </datafield>
   <datafield tag="653" ind2=" " ind1=" ">
      <subfield code="a">Feminist readings</subfield>
   </datafield>
   <datafield ind2="0" ind1="0" tag="245">
      <subfield code="a">Juego de Tronos, personajes femeninos y polémicas mediáticas: estudio de recepción entre la audiencia hispanohablante</subfield>
   </datafield>
   <datafield ind2="0" ind1="0" tag="245">
      <subfield code="a">Game of thrones: feminine characters and media controversies. Reception study among Spanish-speaking audiences</subfield>
   </datafield>
</record></metadata></record></GetRecord></OAI-PMH>